Welcome to the Holygrace Academy Library

Please use search bar below to get started

PAYING FOR YOUR CHILD'S COLLEGE EDUCATION (Record no. 5394)

MARC details
000 -LEADER
fixed length control field 00415nam a22001457a 4500
020 ## - INTERNATIONAL STANDARD BOOK NUMBER
ISBN 0-446-67165-7
082 ## - DEWEY DECIMAL CLASSIFICATION NUMBER
Classification number 370
Item number SMI/M
100 ## - MAIN ENTRY--AUTHOR NAME
Personal name SMITH, MARGUERITE
245 ## - TITLE STATEMENT
Title PAYING FOR YOUR CHILD'S COLLEGE EDUCATION
260 ## - PUBLICATION, DISTRIBUTION, ETC. (IMPRINT)
Place of publication NEW YORK
Name of publisher WARNER BOOKS
Year of publication 1996
300 ## - PHYSICAL DESCRIPTION
Number of Pages 162
520 ## - SUMMARY, ETC.
Summary, etc THE GUIDE THAT MAKES THE "IMPOSSIBLE DREAM" COME TRUE
650 ## - SUBJECT ADDED ENTRY--TOPICAL TERM
Topical Term PERSONAL FINANCIAL PLANNING
Geographic subdivision UNITED STATES
942 ## - ADDED ENTRY ELEMENTS (KOHA)
Koha item type Books
Holdings
Withdrawn status Lost status Collection code Home library Current library Shelving location Date acquired Source of acquisition Full call number Accession Number Koha item type
    Reference Main Library Main Library   11/05/2005 purchase 370 SMI/M 01191 Books